[Event "Morava-ch U14"]
[Site "Loucna nad Desnou"]
[Date "2017.10.28"]
[Round "8"]
[White "Nytra, Ondrej"]
[Black "Slachta, Jan"]
[Result "1/2-1/2"]
[WhiteElo "1953"]
[BlackElo "1504"]
[PlyCount "46"]
[EventDate "2017.10.24"]
[EventType "swiss"]
[EventRounds "9"]
[EventCountry "CZE"]
[SourceTitle "EXT 2020"]
[Source "ChessBase"]
[SourceDate "2019.10.17"]
[SourceVersion "1"]
[SourceVersionDate "2019.10.17"]
[SourceQuality "1"]

1. e4 c5 2. Nf3 Nc6 3. d4 cxd4 4. Nxd4 e5 5. Nb5 d6 6. N1c3 a6 7. Na3 Nf6 8. Bg5 Be7 9. Be2 b5 10. Bxf6 Bxf6 11. Nd5 Bb7 12. c3 0-0 13. Nc2 Bg5 14. 0-0 Ne7 15. Nce3 Bxe3 16. fxe3 Nxd5 17. exd5 f5 18. Rf3 Qb6 19. Qd2 Qc5 20. Rd1 e4 21. Rh3 Rac8 22. Kh1 g5 23. g4 f4 1/2-1/2

[Event "Morava-ch U14"]
[Site "Loucna nad Desnou"]
[Date "2017.10.27"]
[Round "7"]
[White "Slachta, Jan"]
[Black "Vaculik, Martin1111"]
[Result "1/2-1/2"]
[WhiteElo "1504"]
[BlackElo "1347"]
[PlyCount "56"]
[EventDate "2017.10.24"]
[EventType "swiss"]
[EventRounds "9"]
[EventCountry "CZE"]
[SourceTitle "EXT 2020"]
[Source "ChessBase"]
[SourceDate "2019.10.17"]
[SourceVersion "1"]
[SourceVersionDate "2019.10.17"]
[SourceQuality "1"]

1. e4 c5 2. Nf3 d6 3. d4 cxd4 4. Nxd4 Nf6 5. Nc3 g6 6. Be2 Bg7 7. 0-0 0-0 8. Be3 Nc6 9. h3 Bd7 10. Qd2 Rc8 11. f4 Nxd4 12. Bxd4 Be6 13. Bf3 a6 14. Rad1 Ne8 15. Qe3 Bxd4 16. Qxd4 Ng7 17. Rf2 Qc7 18. a3 Rfe8 19. g3 b5 20. Nd5 Bxd5 21. Qxd5 Qc5 22. Qxc5 Rxc5 23. Rfd2 h6 24. c3 a5 25. Rd5 Rec8 26. Rxc5 Rxc5 27. Rd5 Ne8 28. Be2 Nc7 1/2-1/2